| 000 | 00961cam a2200205 4500 | ||
|---|---|---|---|
| 001 | WB3701-32 | ||
| 008 | 000000n2000 000 0 eng u | ||
| 035 | _a(Sirsi) u110115 | ||
| 245 | _aRaynsford urges action against poor planning performance | ||
| 260 | _c2000 | ||
| 490 |
_aDETR Press Release _v(770) 14 December 2000, (4) |
||
| 520 | _aPlanning Minister Nick Raynsford has urged local planning authorities to take firm measures to improve their performance on handling planning applications and preparing development plans. Details his comments at a local government association conference, made in response to the disappointing figures on the latest planning performance checklist. | ||
| 590 | _aWB | ||
| 650 | _aPLANNING PERFORMANCE CHECKLISTS | ||
| 650 | _aLOCAL PLANNING AUTHORITIES | ||
| 650 | _aPLANNING APPLICATIONS | ||
| 650 | _aPLANNING DECISIONS | ||
| 690 | _aENVIRONMENTAL AND LAND CONSULTANCY-PLANNING AND DEVELOPMENT | ||
| 942 | _n0 | ||
| 999 |
_c65675 _d65675 |
||